Aag Ka Darya (Record no. 303252)
[ view plain ]
| 000 -LEADER | |
|---|---|
| fixed length control field | 00257 a2200121 4500 |
| 001 - CONTROL NUMBER | |
| control field | 68179 |
| 082 ## - DEWEY DECIMAL CLASSIFICATION NUMBER | |
| Classification number | 891.4393 QUR |
| 090 ## - LOCALLY ASSIGNED LC-TYPE CALL NUMBER (OCLC); LOCAL CALL NUMBER (RLIN) | |
| -- | 38652 |
| -- | 38652 |
| 100 ## - MAIN ENTRY--PERSONAL NAME | |
| Personal name | Quratul Ain Haider |
| 245 ## - TITLE STATEMENT | |
| Title | Aag Ka Darya |
| 260 ## - PUBLICATION, DISTRIBUTION, ETC. | |
| Name of publisher, distributor, etc. | Sange Meel |
| 600 ## - SUBJECT ADDED ENTRY--PERSONAL NAME | |
| Personal name | Qurat ul |
| 942 ## - ADDED ENTRY ELEMENTS (KOHA) | |
| Institution code [OBSOLETE] | NUST-CAE |
| Call number prefix | 891.4393 QUR |
| Withdrawn status | Lost status | Damaged status | Not for loan | Collection code | Permanent Location | Current Location | Date acquired | Total Checkouts | Full call number | Barcode | Date last seen | Price effective from | Koha item type |
|---|---|---|---|---|---|---|---|---|---|---|---|---|---|
| College of Aeronautical Engineering (CAE) | College of Aeronautical Engineering (CAE) | 04/03/2017 | 891.4393 QUR | CAEN-3983 | 04/05/2017 | 04/05/2017 | Book |
